000 00545cam a22002053a 4500
001 42914
003 PGUSA
005 20140828083956.0
008 130611s2013||||xxu|||||s|||||000 | eng d
040 _aPGUSA
_beng
042 _adc
100 1 _aWylie, Philip
245 1 0 _aGladiator
_h[electronic resource] /
_cPhilip Wylie
260 _bProject Gutenberg,
_c2013
506 _aPublic domain in the USA.
516 _aElectronic text
830 0 _aProject Gutenberg
_v42914
856 4 0 _uhttp://www.gutenberg.org/ebooks/42914
942 _cEB
999 _c272166
_d272166